000 00307nam a2200133 i 4500
001 bg
100 1 _aPOHORILLE, M.
245 0 _aPotrzeby podziaƂ konsumpcja /
_cM. Pohorille.
260 _aWarszawa,
_c1985.
040 _cBPK
041 _apol
942 _cKS
008 s pl f |000 0 pol
999 _c28462
_d28462
856 _uhttp://koha.tu.koszalin.pl/cgi-bin/koha/opac-detail.pl?biblionumber=28462
_yKatalog online BPK